[Event "VII Lorca Open 2018"]
[Site "Lorca"]
[Date "2018.12.28"]
[Round "4"]
[White "Ajay Karthikeyan"]
[Black "Franco Ocampos, Zenon"]
[Result "0-1"]
[WhiteElo "2143"]
[BlackElo "2477"]
[Annotator "ChessBase"]
[PlyCount "114"]
[EventDate "2018.12.26"]
[EventType "swiss"]
[EventCountry "ESP"]
[SourceTitle "playchess.com"]
[Source "ChessBase"]
[SourceQuality "1"]
[TimeControl "5400+30"]

1. d4 {[%emt 0:06:22]} Nf6 {[%emt 0:00:00]} 2. Bf4 {[%emt 0:00:41]} d5 {[%emt 0:00:24]} 3. e3 {[%emt 0:00:11]} c5 {[%emt 0:00:32]} 4. c3 {[%emt 0:00:01]} Nc6 {[%emt 0:00:28]} 5. Nd2 {[%emt 0:00:05]} Qb6 {[%emt 0:03:50]} 6. Qb3 {[%emt 0:00:19]} c4 {[%emt 0:00:33]} 7. Qc2 {[%emt 0:00:09]} g6 {[%emt 0:03:15]} 8. e4 {[%emt 0:01:12]} Nxe4 {[%emt 0:01:44]} 9. Nxe4 {[%emt 0:00:24]} dxe4 {[%emt 0:00:05]} 10. Bxc4 {[%emt 0:01:11]} Bg7 {[%emt 0:01:35]} 11. Be3 {[%emt 0:02:54]} Na5 {[%emt 0:01:36]} 12. d5 {[%emt 0:01:42]} Qc7 {[%emt 0:00:47]} 13. Bb5+ {[%emt 0:01:39]} Kf8 {[%emt 0:01:01]} 14. Ne2 {[%emt 0:07:00]} a6 {[%emt 0:03:21]} 15. Ba4 {[%emt 0:00:26]} Nc4 {[%emt 0:02:07]} 16. O-O {[%emt 0:02:19]} f5 {[%emt 0:07:46]} 17. Bb3 {[%emt 0:06:56]} Bd7 {[%emt 0:01:47]} 18. Bxc4 {[%emt 0:06:13]} Qxc4 {[%emt 0:02:05]} 19. Rfd1 {[%emt 0:00:45]} Be5 {[%emt 0:07:59]} 20. b3 {[%emt 0:02:27]} Qc7 {[%emt 0:00:05]} 21. g3 {[%emt 0:00:27]} Kf7 {[%emt 0:06:06]} 22. Rac1 {[%emt 0:00:37]} h6 {[%emt 0:10:03]} 23. c4 {[%emt 0:02:40]} g5 {[%emt 0:00:04]} 24. c5 {[%emt 0:01:19]} f4 {[%emt 0:03:18]} 25. Qxe4 {[%emt 0:07:49]} fxe3 {[%emt 0:01:24]} 26. fxe3 {[%emt 0:00:38]} Bf6 {[%emt 0:01:06]} 27. Rf1 {[%emt 0:14:31]} Rae8 {[%emt 0:06:33]} 28. Nd4 {[%emt 0:03:41]} Kg7 {[%emt 0:01:09]} 29. c6 {[%emt 0:00:44]} bxc6 {[%emt 0:02:14]} 30. Rxc6 {[%emt 0:00:21]} Qe5 {[%emt 0:00:49]} 31. Ne6+ {[%emt 0:00:31]} Bxe6 {[%emt 0:01:14]} 32. Qxe5 {[%emt 0:00:10]} Bxe5 {[%emt 0:00:04]} 33. dxe6 {[%emt 0:01:17]} Bf6 {[%emt 0:03:51]} 34. Rxa6 {[%emt 0:01:18]} Ra8 {[%emt 0:00:57]} 35. Rxa8 {[%emt 0:00:07]} Rxa8 {[%emt 0:00:01]} 36. a4 {[%emt 0:00:18]} Rb8 {[%emt 0:01:48]} 37. Rb1 {[%emt 0:00:15]} Bc3 {[%emt 0:00:06]} 38. Kf2 {[%emt 0:01:03]} Kf6 {[%emt 0:00:05]} 39. Ke2 {[%emt 0:00:17]} Bb4 {[%emt 0:00:27]} 40. Kd3 {[%emt 0:03:07]} Rc8 {[%emt 0:01:46]} 41. Ke4 {[%emt 0:05:20]} Kxe6 {[%emt 0:00:08]} 42. g4 {[%emt 0:09:04]} Rc3 {[%emt 0:06:53]} 43. Kd4 {[%emt 0:00:17]} Kd6 {[%emt 0:01:13]} 44. a5 {[%emt 0:04:11]} e5+ {[%emt 0:00:32]} 45. Ke4 {[%emt 0:00:03]} Ke6 {[%emt 0:02:11]} 46. a6 {[%emt 0:02:31]} Bc5 {[%emt 0:00:06]} 47. Kf3 {[%emt 0:00:14]} Rxe3+ {[%emt 0:00:11]} 48. Kg2 {[%emt 0:00:12]} Re2+ {[%emt 0:03:37]} 49. Kf3 {[%emt 0:00:36]} Ra2 {[%emt 0:00:21]} 50. b4 {[%emt 0:00:02]} Bd4 {[%emt 0:00:15]} 51. b5 {[%emt 0:00:29]} Kd5 {[%emt 0:00:11]} 52. Kg3 {[%emt 0:04:17]} e4 {[%emt 0:00:16]} 53. Kh3 {[%emt 0:00:02]} Be5 {[%emt 0:01:51]} 54. Rd1+ {[%emt 0:00:08]} Kc5 {[%emt 0:00:42]} 55. Rc1+ {[%emt 0:00:02]} Kxb5 {[%emt 0:00:11]} 56. Rb1+ {[%emt 0:00:01]} Kc5 {[%emt 0:00:13]} 57. Rh1 {[%emt 0:00:11]} Ra3+ {[%emt 0:00:05]} 0-1

[Event "VII Lorca Open 2018"]
[Site "Lorca"]
[Date "2018.12.28"]
[Round "4"]
[White "Korneev Leskova, Svyatoslav"]
[Black "Domingo Nunez, Alejandro"]
[Result "1/2-1/2"]
[WhiteElo "2134"]
[BlackElo "2404"]
[Annotator "ChessBase"]
[PlyCount "112"]
[EventDate "2018.12.26"]
[EventType "swiss"]
[EventCountry "ESP"]
[SourceTitle "playchess.com"]
[Source "ChessBase"]
[SourceQuality "1"]
[TimeControl "5400+30"]

1. c4 {[%emt 0:00:00]} c5 {[%emt 0:00:00]} 2. Nc3 {[%emt 0:00:00]} Nc6 {[%emt 0:00:40]} 3. g3 {[%emt 0:00:07]} g6 {[%emt 0:00:08]} 4. Bg2 {[%emt 0:00:07]} Bg7 {[%emt 0:00:04]} 5. Nh3 {[%emt 0:00:13]} e6 {[%emt 0:02:25]} 6. Nf4 {[%emt 0:00:41]} Nge7 {[%emt 0:00:49]} 7. h4 {[%emt 0:00:08]} h6 {[%emt 0:04:24]} 8. d3 {[%emt 0:02:49]} d6 {[%emt 0:01:58]} 9. Qd2 {[%emt 0:01:59]} a6 {[%emt 0:03:08]} 10. b3 {[%emt 0:02:23]} Rb8 {[%emt 0:06:29]} 11. Bb2 {[%emt 0:00:18]} O-O {[%emt 0:04:28]} 12. h5 {[%emt 0:18:29]} g5 {[%emt 0:02:50]} 13. Nh3 {[%emt 0:00:02]} f5 {[%emt 0:08:01]} 14. f4 {[%emt 0:23:54]} g4 {[%emt 0:05:12]} 15. Nf2 {[%emt 0:00:19]} b5 {[%emt 0:08:38]} 16. e4 {[%emt 0:05:30]} Nd4 {[%emt 0:03:49]} 17. Ne2 {[%emt 0:00:44]} Nec6 {[%emt 0:16:21]} 18. exf5 {[%emt 0:14:12]} exf5 {[%emt 0:00:38]} 19. Bxc6 {[%emt 0:00:24]} Nxc6 {[%emt 0:00:03]} 20. Bxg7 {[%emt 0:00:12]} Kxg7 {[%emt 0:00:05]} 21. Qc3+ {[%emt 0:01:53]} Qf6 {[%emt 0:06:58]} 22. Qxf6+ {[%emt 0:01:14]} Kxf6 {[%emt 0:00:04]} 23. Kd2 {[%emt 0:00:48]} Re8 {[%emt 0:00:23]} 24. Nd1 {[%emt 0:00:44]} Be6 {[%emt 0:03:59]} 25. Ne3 {[%emt 0:02:46]} b4 {[%emt 0:01:15]} 26. Rac1 {[%emt 0:04:41]} Rbc8 {[%emt 0:04:56]} 27. d4 {[%emt 0:00:20]} Bf7 {[%emt 0:04:39]} 28. Rce1 {[%emt 0:05:56]} cxd4 {[%emt 0:04:07]} 29. Nc2 {[%emt 0:00:54]} Re4 {[%emt 0:01:23]} 30. Kd3 {[%emt 0:00:06]} d5 {[%emt 0:01:55]} 31. c5 {[%emt 0:00:44]} a5 {[%emt 0:02:41]} 32. Nexd4 {[%emt 0:00:44]} Nd8 {[%emt 0:00:41]} 33. Ne3 {[%emt 0:02:31]} Nb7 {[%emt 0:02:35]} 34. Nexf5 {[%emt 0:02:25]} Nxc5+ {[%emt 0:00:04]} 35. Kd2 {[%emt 0:00:08]} Rxe1 {[%emt 0:00:09]} 36. Kxe1 {[%emt 0:00:58]} Ne4 {[%emt 0:00:52]} 37. Rh4 {[%emt 0:01:05]} Rc1+ {[%emt 0:00:22]} 38. Ke2 {[%emt 0:00:01]} Ra1 {[%emt 0:00:50]} 39. Nxh6 {[%emt 0:00:23]} Nxg3+ {[%emt 0:00:46]} 40. Ke3 {[%emt 0:02:42]} Bxh5 {[%emt 0:00:35]} 41. Nxg4+ {[%emt 0:01:30]} Bxg4 {[%emt 0:00:25]} 42. Rxg4 {[%emt 0:00:05]} Ne4 {[%emt 0:00:09]} 43. Rg2 {[%emt 0:01:58]} Nc3 {[%emt 0:00:58]} 44. Nc6 {[%emt 0:01:06]} Re1+ {[%emt 0:00:30]} 45. Kd3 {[%emt 0:01:32]} Kf5 {[%emt 0:00:32]} 46. Nxa5 {[%emt 0:00:40]} Kxf4 {[%emt 0:00:28]} 47. Nc6 {[%emt 0:00:22]} Rd1+ {[%emt 0:00:31]} 48. Kc2 {[%emt 0:00:16]} d4 {[%emt 0:00:31]} 49. Nxb4 {[%emt 0:00:29]} Kf3 {[%emt 0:00:29]} 50. Rh2 {[%emt 0:01:58]} Ra1 {[%emt 0:00:20]} 51. Rh4 {[%emt 0:00:53]} Ke3 {[%emt 0:00:37]} 52. Rh3+ {[%emt 0:00:09]} Ke4 {[%emt 0:00:27]} 53. Rh8 {[%emt 0:00:50]} Nxa2 {[%emt 0:00:33]} 54. Kb2 {[%emt 0:00:01]} Nxb4 {[%emt 0:00:28]} 55. Kxa1 {[%emt 0:00:05]} d3 {[%emt 0:00:05]} 56. Rh4+ {[%emt 0:00:01]} Kd5 {[%emt 0:01:33]} 1/2-1/2

[Event "VII Lorca Open 2018"]
[Site "Lorca"]
[Date "2018.12.28"]
[Round "4"]
[White "Motos Abellan, Daniel"]
[Black "Gines Esteo, Pedro Antonio"]
[Result "0-1"]
[WhiteElo "2115"]
[BlackElo "2339"]
[Annotator "NA"]
[PlyCount "78"]
[EventDate "2018.12.26"]
[EventType "swiss"]
[EventCountry "ESP"]
[SourceTitle "playchess.com"]
[Source "ChessBase"]
[SourceQuality "1"]
[TimeControl "5400+30"]

1. f4 {[%emt 1:30:30]} Nh6 {[%emt 1:30:30]} 2. b3 {[%emt 0:00:30]} e5 {[%emt 0:00:30]} 3. fxe5 {[%emt 0:00:30]} d6 {[%emt 0:00:30]} 4. Bb2 {[%emt 0:00:30]} dxe5 {[%emt 0:00:30]} 5. Bxe5 {[%emt 0:00:30]} Ng4 {[%emt 0:00:30]} 6. Bg3 {[%emt 0:00:30]} Qf6 {[%emt 0:00:30]} 7. Nc3 {[%emt 0:00:30]} Ne3 {[%emt 0:00:30]} 8. dxe3 {[%emt 0:00:30]} Qxc3+ {[%emt 0:00:30]} 9. Kf2 {[%emt 0:00:30]} Bc5 {[%emt 0:00:30]} 10. Bf4 {[%emt 0:00:30]} Nd7 {[%emt 0:00:30]} 11. Rb1 {[%emt 0:00:30]} Ne5 {[%emt 0:00:30]} 12. Bxe5 {[%emt 0:00:30]} Bxe3+ {[%emt 0:00:30]} 13. Kf3 {[%emt 0:00:30]} Qxe5 {[%emt 0:00:30]} 14. g3 {[%emt 0:00:30]} Bd7 {[%emt 0:00:30]} 15. Kg2 {[%emt 0:00:30]} O-O-O {[%emt 0:00:30]} 16. Qe1 {[%emt 0:00:30]} Bc6+ {[%emt 0:00:30]} 17. Nf3 {[%emt 0:00:30]} g5 {[%emt 0:00:30]} 18. h3 {[%emt 0:00:30]} h5 {[%emt 0:00:30]} 19. Kh2 {[%emt 0:00:30]} Bxf3 {[%emt 0:00:30]} 20. exf3 {[%emt 0:00:30]} Rd2+ {[%emt 0:00:30]} 21. Bg2 {[%emt 0:00:30]} h4 {[%emt 0:00:30]} 22. Rf1 {[%emt 0:00:30]} hxg3+ {[%emt 0:00:30]} 23. Kh1 {[%emt 0:00:30]} Rxh3+ {[%emt 0:00:30]} 24. Bxh3+ {[%emt 0:00:30]} Kb8 {[%emt 0:00:30]} 25. Qxd2 {[%emt 0:00:30]} Bxd2 {[%emt 0:00:30]} 26. Rbd1 {[%emt 0:00:30]} Qe2 {[%emt 0:00:30]} 27. Bg2 {[%emt 0:00:30]} a6 {[%emt 0:00:30]} 28. c4 {[%emt 0:00:30]} Qe3 {[%emt 0:00:30]} 29. c5 {[%emt 0:00:30]} g4 {[%emt 0:00:30]} 30. f4 {[%emt 0:00:30]} Qc3 {[%emt 0:00:30]} 31. Rxd2 {[%emt 0:00:30]} Qxd2 {[%emt 0:00:30]} (31... Qh8+ $142 32. Bh3 gxh3) 32. c6 {[%emt 0:00:30]} bxc6 {[%emt 0:00:30]} 33. a4 {[%emt 0:00:30]} a5 {[%emt 0:00:30]} 34. Rb1 {[%emt 0:00:30]} Qxf4 {[%emt 0:00:30]} 35. Rd1 {[%emt 0:00:30]} Kb7 {[%emt 0:00:30]} 36. Re1 {[%emt 0:00:30]} f5 {[%emt 0:00:30]} 37. Rd1 {[%emt 0:00:30]} Qh6+ {[%emt 0:00:30]} 38. Kg1 {[%emt 0:00:30]} f4 {[%emt 0:00:30]} 39. b4 {[%emt 0:00:30]} f3 {[%emt 0:00:30]} 0-1

[Event "VII Lorca Open 2018"]
[Site "Lorca"]
[Date "2018.12.28"]
[Round "5"]
[White "Grigoryan, Karen H."]
[Black "Franco Ocampos, Zenon"]
[Result "1-0"]
[WhiteElo "2557"]
[BlackElo "2477"]
[Annotator "TA"]
[PlyCount "77"]
[EventDate "2018.12.26"]
[EventType "swiss"]
[EventCountry "ESP"]
[SourceTitle "playchess.com"]
[Source "ChessBase"]
[SourceQuality "1"]

{[%evp 11,77,43,83,79,83,79,72,74,73,68,78,50,127,135,147,104,104,87,104,106,91,43,36,43,52,42,24,42,281,278,378,377,363,4,371,369,369,369,329,329,329,318,321,321,321,314,314,0,0,0,321,321,321,321,321,321,315,307,307,307,295,287,450,437,432,420,463,463]} 1. e4 c5 2. Nf3 d6 3. d4 Nf6 4. dxc5 Nxe4 5. cxd6 e6 6. Bd3 {B53: Sicilian: 2...d6: Lines with Qxd4} (6. Nbd2 Nxd6 7. Nc4 Be7 8. Bf4 Nxc4 9. Qxd8+ Bxd8 10. Bxc4 Nc6 11. O-O-O Bd7 12. Ng5 Bxg5 13. Bxg5 Ne5 {1-0 (56) Lupulescu,C (2571)-Jianu,V (2502) Predeal 2006}) 6... Nxd6 {LiveBook: 4 Games} 7. Nc3 Be7 8. Bf4 {White is better.} Nc6 9. Qe2 f6 $146 ({Predecessor:} 9... Qa5 10. O-O O-O 11. Rad1 Rd8 12. Ne5 Nxe5 13. Bxe5 Ne8 14. Qe4 g6 15. Rfe1 Bf6 16. Bxf6 Nxf6 17. Qh4 Kg7 18. Be4 Bd7 {½-½ (18) Neeman,J (1730)-Jager,J (1895) Mount Buller 2005}) 10. O-O-O e5 11. Nb5 {[%cal Rf3e5] Hoping for Nxe5!} Nxb5 (11... a6 $14 12. Nxd6+ Bxd6) 12. Bxb5 $16 Qb6 13. Bxe5 fxe5 14. Nxe5 {Black must now prevent Qh5+.} O-O 15. Bxc6 {aiming for Qc4+.} Bg5+ 16. Kb1 bxc6 17. Qc4+ {[%mdl 64] Double Attack} Kh8 {Strongly threatening ...Bf6.} 18. Nf7+ {[#]} Rxf7 $1 {[%mdl 512]} 19. Qxf7 $40 {[%cal Rf7f8][%mdl 128] White mounts an attack.} Bg4 $2 {[#]} ({Black should play} 19... Ba6 $1 $14) 20. Rhe1 $1 $18 {[%mdl 512] Intending Re8+ and mate.} h5 {...Bf6 is the strong threat.} 21. Re8+ Rxe8 22. Qxe8+ Kh7 23. f3 $1 {[%cal Bf2f3,Bf3g4][%mdl 32]} ({Weaker is} 23. Rd6 Qb5 $11) 23... Bf6 {[%csl Gf6][%cal Rb6b2]} 24. b3 Qc5 25. fxg4 {[%mdl 4096] Endgame KQR-KQB} Qc3 {[%csl Gf6][%cal Rc3b2]} 26. Qxh5+ Kg8 {[%csl Gf6][%cal Rc3b2]} 27. Qe8+ Kh7 {[%csl Gf6][%cal Rc3b2] [#]} 28. Qe4+ $1 Kh8 {[%csl Gf6][%cal Rc3b2]} 29. Kc1 Bg5+ $1 30. Kb1 Bf6 {[%csl Gf6][%cal Rc3b2] [#]} 31. Rd8+ $1 {[%mdl 64] Decoy} Bxd8 32. Qe8+ {[%mdl 64] Double Attack} Kh7 33. Qxd8 {KQ-KQ} Qe1+ 34. Kb2 Qe5+ 35. Kc1 Qf4+ 36. Kb1 Qf1+ (36... Qxg4 {was necessary.} 37. Qd3+ Kg8) 37. Kb2 Qxg2 38. Qd3+ Kh8 39. Qg3 {Accuracy: White = 93%, Black = 70%.} 1-0

[Event "VII Lorca Open 2018"]
[Site "Lorca"]
[Date "2018.12.28"]
[Round "5"]
[White "Nasuta, Grzegorz"]
[Black "Aguilar, Andres"]
[Result "1-0"]
[WhiteElo "2530"]
[BlackElo "2307"]
[Annotator "TA"]
[PlyCount "89"]
[EventDate "2018.12.26"]
[EventType "swiss"]
[EventCountry "ESP"]
[SourceTitle "playchess.com"]
[Source "ChessBase"]
[SourceQuality "1"]

{[%evp 16,89,61,52,208,125,130,114,172,127,130,118,202,203,210,154,164,140,162,95,167,166,197,178,187,149,164,87,191,114,130,121,104,106,93,93,94,94,122,117,110,114,114,106,104,105,139,142,129,125,136,136,185,191,212,214,217,216,340,332,362,362,340,341,362,312,421,384,364,347,489,468,619,620,730,448]} 1. e4 c5 2. Nf3 Nc6 3. Bb5 g6 4. Bxc6 bxc6 5. d4 Bg7 6. dxc5 {B31: Sicilian: 2...Nc6 3 Bb5 g6} Qa5+ 7. Nbd2 Ba6 8. Rb1 Qxa2 9. b4 {LiveBook: 3 Games} Qe6 $146 (9... Bc4 $14 10. e5 Nh6) ({Predecessor:} 9... Rb8 10. Rb3 Bb5 11. Ra3 Qe6 12. c4 Nf6 13. cxb5 Nxe4 14. Re3 f5 15. O-O Rxb5 16. Nxe4 fxe4 17. Nd4 {1-0 (17) Artemiev,V (2692)-Potapov,P (2479) St Petersburg 2017}) 10. c4 d6 11. O-O Nh6 (11... Nf6 $16) 12. cxd6 exd6 13. Bb2 O-O (13... Bxb2 $16 14. Rxb2 O-O) 14. Bxg7 $18 Kxg7 15. Ra1 Bb7 16. Ra5 a6 17. e5 (17. c5 $18) 17... Rad8 {[#]} (17... c5 $16) 18. Qa1 $1 f6 19. Nd4 Qd7 20. exf6+ Kg8 21. N4f3 (21. Re1 $18 Rde8 22. Rxe8 Qxe8 23. b5) 21... Qe6 {[#]} (21... Ng4 $16) 22. Re1 (22. Ng5 $1 $18 {[%cal Rg5e6]} Qxf6 23. Qxf6 Rxf6 24. Nde4) 22... Qxf6 $16 23. Qxf6 Rxf6 24. Ne4 Rff8 25. Nd4 {Black must now prevent Ne6.} d5 26. cxd5 Rxd5 27. Rxd5 cxd5 28. Nc5 Bc8 29. f3 Nf5 30. Nc6 Rf6 31. Re8+ Rf8 32. Re5 Rf6 33. Na7 Rf8 34. Rxd5 Ne3 35. Re5 Nc2 36. Nc6 Bf5 (36... Kg7 {was worth a try.} 37. Kf2 Na3) 37. Ne7+ $18 ({Don't play} 37. Nxa6 Na3) 37... Kh8 38. Nxf5 ({Not} 38. Nxa6 Bd3 $18) 38... gxf5 39. Nxa6 {[%mdl 4096] Endgame KRN-KRN} f4 40. b5 {Hoping for b6.} Rf6 41. Nc5 Rd6 42. Ne6 Rd1+ (42... Rb6 {was necessary.} 43. Kf2 Kg8) 43. Kf2 {White is clearly winning.} Nb4 {Now ...Nd3+ and Black clings on.} 44. Nxf4 Rd4 45. Re8+ {Accuracy: White = 76%, Black = 25%.} 1-0

[Event "VII Lorca Open 2018"]
[Site "Lorca"]
[Date "2018.12.28"]
[Round "5"]
[White "Plaskett, H James"]
[Black "Sreeshwan Maralakshikari"]
[Result "0-1"]
[WhiteElo "2454"]
[BlackElo "2244"]
[Annotator "TA"]
[PlyCount "184"]
[EventDate "2018.12.26"]
[EventType "swiss"]
[EventCountry "ESP"]
[SourceTitle "playchess.com"]
[Source "ChessBase"]
[SourceQuality "1"]

{[%evp 25,184,14,14,14,4,-26,-23,-24,-26,-36,-30,-22,-22,-50,0,-33,1,-25,29,0,67,49,29,25,25,10,50,15,26,0,0,0,0,0,62,34,39,47,156,154,152,147,149,101,120,99,97,103,227,255,868,418,387,114,110,46,29,18,11,-67,-54,-60,-68,-76,-69,-83,-76,-175,-10,-12,0,-145,0,-10,0,-165,-64,-360,-47,-50,-54,-79,-80,-78,-85,-233,-240,-239,-221,-260,-245,-250,-246,-250,-251,-390,-352,-390,-390,-390,-390,-390,-390,-390,-390,-390,-390,-390,-390,-319,-315,-576,-565,-666,-612,-737,-718,-735,-704,-703,-676,-754,-683,-620,-520,-1101,-904,-808,-45,-87,-8,-8,-8,-907,-906,-856,-819,-777,-753,-748,-741,-692,-677,-251,-378,-377,-566,-231,-59,-59,-59,-29969,-29970,-29978,-29980,-29981,-29977,-29976,-29976,-29966,-29972]} 1. e4 c6 2. c4 d5 3. cxd5 cxd5 4. exd5 Nf6 5. Nc3 Nxd5 6. Nf3 Nc6 7. d4 g6 8. Qb3 e6 9. Bg5 {A35: Symmetrical English: 2 Nc3 Nc6 3 Nf3} (9. Bb5 Bg7 10. O-O O-O 11. Bxc6 bxc6 12. Na4 Qd6 13. Re1 Rb8 14. Qc2 c5 15. Nxc5 Nb4 16. Qc3 Bb7 17. a3 Nd5 {½-½ (30) Cheparinov,I (2710)-Wei,Y (2727) China 2017}) 9... Be7 10. Bh6 Bf8 11. Bxf8 Kxf8 12. Bb5 Nce7 13. O-O Kg7 {LiveBook: 9 Games} 14. Rfe1 {[#]} a6 $146 ({Predecessor:} 14... Qb6 15. Rac1 Rd8 16. Nxd5 Nxd5 17. Bc4 Qxb3 {½-½ (17) Donchenko,A (2567)-Sutovsky,E (2619) Biel 2015}) 15. Bf1 Qb6 16. Qc2 Bd7 17. Ne4 Rac8 18. Nc5 Rhd8 19. Qd2 Be8 20. a3 h6 21. b4 Nf5 (21... Bb5 $142) 22. Bc4 Nc7 (22... Qa7 $11) 23. Qb2 Kh7 24. Rad1 Nd5 25. Ne5 Kg7 26. Bb3 Qa7 27. Ne4 b6 28. Bxd5 exd5 29. Ng3 Ne7 (29... Nxg3 $11 30. hxg3 f6) 30. Qd2 Ng8 31. h4 {[%cal Bh2h4,Bh4h5][%mdl 32]} Ba4 (31... f6 $1 $14) 32. Rc1 $16 Qb7 33. h5 Nf6 34. Qf4 Rxc1 35. Rxc1 Rc8 36. Re1 Re8 (36... Be8 $16) 37. Re3 $1 $18 Qc8 $2 (37... g5 38. Nf5+ Kh7) 38. Rf3 (38. hxg6 $142 fxg6 39. Nh5+ $1 {[%mdl 576] Clearance} (39. Rf3 Re6 $16) 39... gxh5 40. Rg3+ Qg4 41. f3 {[%mdl 64] Pin} (41. Qxg4+ $2 hxg4 42. Nxg4 Nxg4 $19) 41... Qxg3 42. Qxg3+ Kh8 43. Qg6 {[%mdl 64] Double Attack}) 38... Qe6 39. Qd2 $2 (39. hxg6 $18 {and the rest is easy. White wants to mate with Nf5+.} fxg6 40. Nxg6 $1 {[%mdl 512]}) 39... Rc8 $16 40. Re3 (40. hxg6 $16 fxg6 41. Qd3) 40... Rc2 $14 41. Qd1 Qc8 42. Qf3 (42. hxg6 $11 Rc1 {[%mdl 64] Pin} 43. Nf5+ Kf8 44. g7+ Kg8 45. Ne7+ {[%mdl 64] Double Attack} Kxg7 46. Rg3+ Kh7 47. Nxc8 Rxd1+ 48. Kh2) 42... Rc1+ $15 43. Kh2 Bd1 $1 {[%cal Rd1f3]} 44. Qf4 g5 45. Qf5 Bg4 $1 $36 {[%cal Rg4f5][%mdl 2048] White is under strong pressure.} 46. Qd3 (46. Qxc8 $17 Bxc8 47. f3) 46... Rd1 $2 ({Better is} 46... Nxh5 $19 47. Nxh5+ Bxh5) 47. Qc3 $11 Rc1 (47... Be6 $11) 48. Qd3 $1 $17 Rd1 (48... Nxh5 $17 {Strongly threatening ...Nf4.} 49. Nxh5+ Bxh5) 49. Qc3 $11 Rc1 $2 (49... Be6 $11) 50. Qd3 $1 $19 {With the idea Nxf7!} Qc2 (50... Nxh5 $19 {Threatens to win with ...Nf4.} 51. Nxh5+ Bxh5) 51. f3 $2 {[%mdl 8192]} (51. Qxc2 $15 Rxc2 52. Kg1) 51... Be6 $2 (51... Qf2 $1 $19 {[%csl Gc1][%cal Rf2g1]} 52. fxg4 (52. Nxg4 $2 Nxg4+ 53. fxg4 Rg1 $19) 52... Rg1 53. Nf5+ Kf8 54. Nd7+ (54. Rg3 Qe1 55. Ng6+ fxg6 56. Qf1 Rxf1 57. hxg6 Rh1#) 54... Nxd7 55. Re8+ Kxe8) 52. Qxc2 $15 Rxc2 53. Kg1 Ne8 54. Ne2 Nd6 55. Nc3 (55. Kf1 $17) 55... Nf5 $19 56. Rd3 Ng3 $1 {...Rxc3! is the strong threat.} ({Weaker is} 56... f6 57. Ng4 $17) 57. Nd1 Bf5 ({Much less strong is} 57... Nxh5 58. Ne3 $19) 58. Re3 Ne2+ {[%mdl 64] Double Attack} 59. Kf1 Nxd4 60. Rc3 (60. Re1 $142) 60... Kf6 61. Ng4+ Bxg4 $1 62. fxg4 Rxc3 $1 63. Nxc3 {[%mdl 4096] Endgame KN-KN} Ke5 64. Na4 b5 65. Nc5 Nc2 66. Ke2 Nxa3 67. Nxa6 Nc2 68. Kd3 $2 (68. Kd2 Nd4 69. Nc7) 68... Ne1+ 69. Kd2 Nxg2 70. Nc7 Nf4 71. Nxb5 f5 72. gxf5 Nxh5 73. Nc3 Nf6 74. b5 Kd6 75. b6 (75. Ne2 $142 h5 76. Nd4) 75... Kc6 76. Kd3 g4 $2 (76... h5 $19 77. Na4 h4) 77. Kd4 $15 g3 (77... h5 $1 $17 {[%cal Rh5h4] Hoping for ...h4.} 78. Ne2 Nd7) 78. Ne2 $11 g2 79. Ke3 $2 {[%mdl 8192]} (79. Ng1 $11) 79... Kxb6 $19 80. Kf2 Kc6 81. Nf4 Kd6 82. Nd3 Ng4+ 83. Kxg2 Ne3+ 84. Kf3 Nxf5 85. Kg4 Ng7 86. Kf4 {[#]} h5 $2 (86... Ke6 $1 $19 {And now ...Nh5+ would win.} 87. Nc5+ Kf6 88. Nd7+ Ke7) 87. Kg5 $15 d4 {aiming for ...Kd5.} 88. Nf2 $2 {[%mdl 8192]} (88. Kg6 $15) 88... Ke5 {Black mates.} 89. Kg6 {[#]} Kf4 $1 {[%cal Rf4e3]} 90. Kxg7 Kf3 91. Nd3 h4 92. Ne5+ Kg3 {Accuracy: White = 37%, Black = 47%.} 0-1

[Event "VII Lorca Open 2018"]
[Site "Lorca"]
[Date "2018.12.28"]
[Round "5"]
[White "Tejedor Fuente, Enrique"]
[Black "Jimenez Ruano, Adrian"]
[Result "1/2-1/2"]
[WhiteElo "2428"]
[BlackElo "2245"]
[Annotator "TA"]
[PlyCount "120"]
[EventDate "2018.12.26"]
[EventType "swiss"]
[EventCountry "ESP"]
[SourceTitle "playchess.com"]
[Source "ChessBase"]
[SourceQuality "1"]

{[%evp 17,120,24,50,16,11,22,22,18,35,29,41,49,50,46,47,45,51,27,73,43,43,37,39,39,41,46,95,99,118,40,86,61,97,41,33,23,28,35,25,18,85,67,82,0,7,0,0,-47,-8,-6,0,-27,-12,-8,-12,-30,-22,-27,0,0,0,-32,0,0,0,0,0,-21,0,-39,-35,-45,-45,-58,-45,-45,0,-45,-45,-45,-40,-32,-8,-45,-45,-45,-45,-46,0,-38,-38,-38,-37,-47,-38,-38,0,-38,0,0,0,-46,0,0,0]} 1. Nf3 Nf6 2. g3 g6 3. Bg2 Bg7 4. O-O O-O 5. c4 d6 6. Nc3 Nc6 7. d3 a6 8. Rb1 Rb8 {A16: English Opening: 1...Nf6 with ...d5} (8... e5 9. b4 h6 10. a4 Be6 11. b5 axb5 12. axb5 Ne7 13. Qb3 c6 14. bxc6 bxc6 15. Nd2 d5 16. Ba3 Re8 17. Rfc1 Nf5 18. cxd5 cxd5 19. Nb5 Qa5 20. Nc7 Qxd2 21. Nxe8 Rxe8 {½-½ (52) Oparin,G (2612)-Iljiushenok,I (2532) Cheliabinsk 2018}) 9. b4 b5 {LiveBook: 10 Games} 10. Nd2 Bd7 11. a3 bxc4 $146 ({Predecessor:} 11... e5 12. Bb2 Ne7 13. Ba1 Qc8 14. a4 bxc4 15. dxc4 Bh3 16. e4 Bxg2 17. Kxg2 {1-0 (37) Rotstein,A (2465)-Zaitsev,I (2450) Minsk 1993}) 12. Nxc4 Ng4 13. Bd2 f5 14. e3 e6 15. d4 Ne7 16. Rc1 Nf6 17. Qe2 Nfd5 18. Rfd1 Nxc3 19. Bxc3 Ba4 20. Re1 Qd7 21. Ba1 Rfe8 22. Nb2 Rec8 23. Qc4 ({Much weaker is} 23. Qxa6 $6 Bb5 $11) (23. Nxa4 $16 Qxa4 24. e4) 23... d5 24. Qe2 a5 25. Nxa4 (25. bxa5 $16 c5 26. Rxc5 (26. Nxa4 Qxa4 27. Qa6 Kf7 $14)) 25... Qxa4 $14 26. Bc3 axb4 27. Bxb4 Nc6 28. Bc5 Na5 (28... Nd8 $11 {remains equal.}) 29. Qa6 $16 {Strongly threatening Rb1.} c6 {[#]} 30. Bb4 ({White should try} 30. Rb1 $1 $16 {[%cal Rb1b4]} Ra8 31. Qb6) 30... Ra8 $11 31. Qd3 Bf8 32. Bxa5 Rxa5 33. Rc3 Qb5 34. Qc2 Rxa3 35. Rxa3 Bxa3 36. Bf1 Qb6 37. Rb1 Bb4 38. Qa4 Rb8 39. Rb2 Kf7 40. Rc2 Rc8 41. Rb2 Rb8 42. Kg2 Ke7 43. Ra2 Bd6 44. Rc2 Kd7 45. Qa1 Bc7 46. Qc1 Bd6 47. Bd3 Rb7 48. Be2 Bc7 49. h4 h5 50. Bd1 (50. e4 $5) 50... Bd6 51. Rc3 Qa6 52. Rc2 Qb6 53. Ra2 Qb1 54. Qd2 Qb4 55. Qe2 Qb5 56. Qc2 Qb1 57. Qa4 Rb4 58. Qa7+ Rb7 59. Qa4 Rb4 60. Qa7+ Rb7 {Accuracy: White = 42%, Black = 46%.} 1/2-1/2